| 000 | 00877nab a2200253 u 4500 | ||
|---|---|---|---|
| 001 | 17244 | ||
| 003 | HDC | ||
| 007 | cr bn ---aaaaa | ||
| 008 | 210223c20131015xx dr|noo 0 a eng d | ||
| 040 | _aHDC | ||
| 100 |
_aSharifah Pirdaus Syed Ali _eauthor _914811 |
||
| 245 | 0 |
_aMalaysia: Halfest 2013 On Track To Achieve Visitor Target / by _cSharifah Pirdaus Syed Ali |
|
| 260 |
_a[No place] : _b[publisher not identified], _c2013 |
||
| 336 |
_atext _2rdacontent |
||
| 337 |
_acomputer _2rdamedia |
||
| 338 |
_aonline resource _2rdacarrier |
||
| 650 |
_ahalal industry _9144 |
||
| 650 |
_aHalfest 2013 _916730 |
||
| 710 | _aHalal Focus | ||
| 856 | _zRequest full-text at [email protected] | ||
| 942 | _2lcc | ||
| 942 | _cNEWS | ||
| 942 | _kNWSO 005863 | ||
| 999 |
_c14560 _d14560 |
||